| 000 | 00354cam a22001337a 4500 | ||
|---|---|---|---|
| 008 | 180718b1967 xxu||||| |||| 00| 0 eng d | ||
| 082 | _aW6 N23 | ||
| 100 | _aNawab, A.W. | ||
| 245 |
_aComparative evolution of world air transport _cby A.W. Nawab |
||
| 260 |
_aDelhi _bNational _c1967 |
||
| 300 | _a236p. | ||
| 650 | _aAirports - India | ||
| 650 | _aAirlines | ||
| 999 |
_c376481 _d376481 |
||